Philosophische Brocken : De omnibus dubitandum est
Saved in:
| Main Author: | |
|---|---|
| Other Authors: | |
| Format: | Book |
| Language: | German |
| Published: |
Dusseldorf; Koln :
Eugen Diederichs,
[1960]
|
| Subjects: | |
| Tags: |
Add Tag
No Tags, Be the first to tag this record!
|
MARC
| LEADER | 00000cam a2200000 i 4500 | ||
|---|---|---|---|
| 001 | 1/31675 | ||
| 008 | 060628s1960 ger d | ||
| 035 | |l 10084471 | ||
| 040 | |a GR-MY-UA |b gre |e aacr | ||
| 041 | 0 | |a ger | |
| 082 | 0 | |a 201 |2 (22) | |
| 100 | 1 | |a Kierkegaard, Soren |d 1813-1855. | |
| 245 | 1 | 0 | |a Philosophische Brocken : |b De omnibus dubitandum est / |c Soren Kierkegaard ; [ubersetzt von Emanuel Hirsch] |
| 246 | 3 | 3 | |a De omnibus dubitandum est |
| 260 | |a Dusseldorf; Koln : |b Eugen Diederichs, |c [1960] | ||
| 300 | |a xii, 191 σ.; |c 21 εκ. | ||
| 650 | 0 | 0 | |a Religion |x Philosophy. |
| 700 | 1 | |a Hirsch, Emanuel, |d 1888-1972. |4 edt | |
| 852 | |a INST |b RHODES |c KRI |e 20060628 |h 201 KIE |p 005400024745 |q 005400024745 |t BK |y 0 | ||
| 901 | |a BIBL4-2006-2 | ||
| 909 | |a Ρ |b 126609 | ||
| 970 | |a ΚΟΖΑ |b ΜΑΡΙΑ |z 2006/06/28 | ||